000 01161nam a2200313I 4500
001 8820
003 BD-RjUL
005 20211208234647.0
008 190114s1963 maua 000 0 enge
035 _aMITb10234645
035 _a(OCoLC)00758291
035 _a(BD-RjUL)8865
040 _aDLC
_cRWB
_dm.c.
_dSER
_dMYG
_dBD-RjUL
_beng
041 _aeng
082 _2536.7
_bLET
090 _aTJ265
_b.L478 1963
099 _aTJ265.L478 1963
100 1 _aLee, John F.
_q(John Francis),
_d1918-
_927418
245 1 0 _aThermodynamics :
_ban introductory text for engineering students /
_cby John F. Lee and Francis Weston Sears.
250 _a2d ed.
260 _aReading, Mass.:
_bAddison-Wesley Pub. Co.,
_c[1963]
300 _a622 p. :
_bill. ;
_c24 cm.
490 1 _aAddison-Wesley series in the engineering sciences
650 0 _aThermodynamics.
_927419
700 1 _aSears, Francis Weston,
_d1898-1975.
_925763
830 0 _aAddison-Wesley series in the engineering sciences.
_9212749
942 _2ddc
_cBK
949 _aMYGE
_b39080003035240
_b39080003035232
_b39080003035224
_b39080003035216
_b39080003035265
_aMYGA
_b39080003035364
_b39080003035356
_b39080003035257
999 _c8820
_d8820